Urban-Regional Development in South America : A Process of Diffusion and Integration.

Bibliographic Details
Main Author: Pedersen, Poul Ove.
Format: eBook
Language:English
Published: Berlin/Boston : De Gruyter, Inc., 2019.
Edition:1st ed.
Series:Regional Planning Series
Subjects:
Online Access:Click to View
LEADER 01506nam a22003613i 4500
001 EBC7015029
003 MiAaPQ
005 20240729202203.0
006 m o d |
007 cr cnu||||||||
008 240729s2019 xx o ||||0 eng d
020 |a 9783110828368  |q (electronic bk.) 
035 |a (MiAaPQ)EBC7015029 
035 |a (Au-PeEL)EBL7015029 
035 |a (OCoLC)1245420634 
040 |a MiAaPQ  |b eng  |e rda  |e pn  |c MiAaPQ  |d MiAaPQ 
100 1 |a Pedersen, Poul Ove. 
245 1 0 |a Urban-Regional Development in South America :  |b A Process of Diffusion and Integration. 
250 |a 1st ed. 
264 1 |a Berlin/Boston :  |b De Gruyter, Inc.,  |c 2019. 
264 4 |c Ã1975. 
300 |a 1 online resource (312 pages) 
336 |a text  |b txt  |2 rdacontent 
337 |a computer  |b c  |2 rdamedia 
338 |a online resource  |b cr  |2 rdacarrier 
490 1 |a Regional Planning Series ;  |v v.10 
588 |a Description based on publisher supplied metadata and other sources. 
590 |a Electronic reproduction. Ann Arbor, Michigan : ProQuest Ebook Central, 2024. Available via World Wide Web. Access may be limited to ProQuest Ebook Central affiliated libraries.  
655 4 |a Electronic books. 
776 0 8 |i Print version:  |a Pedersen, Poul Ove  |t Urban-Regional Development in South America  |d Berlin/Boston : De Gruyter, Inc.,c2019 
797 2 |a ProQuest (Firm) 
830 0 |a Regional Planning Series 
856 4 0 |u https://ebookcentral.proquest.com/lib/matrademy/detail.action?docID=7015029  |z Click to View